Statistics for Countries Closest to New Delhi

Click here to take the quiz!

General Stats

  • This quiz has been taken 29 times
  • The average score is 20 of 22

Answer Stats

Distance (km)Distance (mi)Country% Correct
335*208*China
100%
278173Nepal
100%
361225Pakistan
100%
841522Afghanistan
96%
1,143710Bhutan
96%
00India
96%
1,6801,045Myanmar
96%
983611Tajikistan
96%
1,114692Bangladesh
92%
1,376855Iran
92%
1,8721,163Oman
92%
2,1101,310Sri Lanka
92%
2,3181,440Thailand
92%
1,390864Turkmenistan
92%
2,0911,299United Arab Emirates
92%
1,297806Uzbekistan
92%
1,535954Kazakhstan
88%
1,247775Kyrgyzstan
88%
2,4341,512Maldives
88%
2,4351,513Russia
88%
2,2851,420Saudi Arabia
84%
2,2001,367Mongolia
72%

Score Distribution

Percentile by Number Answered

Percent of People with Each Score

Your Score History

You have not taken this quiz